000 00604nam a22002057a 4500
003 FEu
005 20140310181719.0
008 130228t xxu||||| |||| 00| 0 eng d
020 _a9-71705053-8
050 _aQA 276 .Es81 2002
082 _aFIL 519.519 .Es8 2002
_b.Es81 2002
245 _aIntroduction to statistics
_cEstolano, Marcial P., Latonio, Anna Maria Lourdes S., Monta, Florentina D.
260 _aMakati City
_bGrandwater Pub.
_c2002
300 _a80 p.
_c26.4 cm.
521 _acollege students
526 _c1210L-1700L
541 _j1
562 _e3
942 _2lcc
_cBK-FIL
_kFIL
999 _c1901
_d1901